000 00474cam a2200193ua 4500
020 _c19.50
041 _aeng
_h
082 _a535.2
_bSEA/OP
100 _aSears, Francis Weston .
245 _aOptics /
_cFrancis weston sears.
_hTextual Documents
250 _a3 /
_b.
260 _aLondon :
_bAddison-Wesley Publishing Company ,
_c1948.
300 _a390 ; .
365 _a19.50
504 _a
942 _cBK
999 _c7242
_d7242